| 000 | 00759cab a2200253 4500 | ||
|---|---|---|---|
| 001 | ABS53174 | ||
| 008 | 090401t1995 xxu||||| |||| 00| 0 eng d | ||
| 035 | _a(Sirsi) u2525 | ||
| 041 | _aeng | ||
| 100 | _aKallo, G.G. | ||
| 245 | 4 | _aThe role of the CM in claims management | |
| 260 | _c1995 | ||
| 350 | _a0 | ||
| 490 |
_aCivil Engineering Surveyor _v20(6) July/August 1995, 13(1) |
||
| 520 | _aArgues in favour of a claims manager and sets out what duties such a person could undertake. | ||
| 650 | _aCLAIMS CONSULTANTS | ||
| 650 | _aCLAIMS MANAGEMENT | ||
| 650 | _aCLAIMS MANAGER | ||
| 650 | _aCONTRACT CLAIMS | ||
| 690 | _aBUILT ENVIRONMENT-BUILDING CONTRACT FORMS | ||
| 690 |
_aProject management _96261 |
||
| 942 | _n0 | ||
| 948 | _c04/03/1997 | ||
| 999 |
_c1519 _d1519 |
||